MLB All Time WAR Leaders - Statistics

General Stats
  • This quiz has been taken 84 times
  • The average score is 13 of 20
Answer Stats
WAR Player % Correct
182.6 Babe Ruth
99%
162.8 Barry Bonds
99%
156.1 Willie Mays
91%
143 Hank Aaron
86%
151.5 Ty Cobb
86%
113.8 Lou Gehrig
82%
121.8 Ted Williams
80%
165.1 Walter Johnson
80%
139.2 Roger Clemens
74%
117.5 Alex Rodriguez
72%
163.6 Cy Young
72%
131 Honus Wagner
70%
128.6 Stan Musial
70%
127.1 Rogers Hornsby
62%
111.2 Rickey Henderson
50%
134.9 Tris Speaker
49%
110.9 Mel Ott
42%
119.3 Grover Alexander
41%
124.2 Eddie Collins
30%
116.3 Kid Nichols
12%
No matching quizzes found
Score Distribution
Percent of People with Each Score
Percentile by Number Answered
Your Score History
You have not taken this quiz